000 01207 a2200241 4500
001 40361
005 20260407155657.0
008 260407a1992 arg spa d
003 AR-UNSa-BCEJYS
040 _aAR-UNSa-BCEJYS
_bspa
_cAR-UNSa-BCEJYS
080 _a658.51
_xOrganización de la producción
245 1 0 _aJust-in-time
_puna estrategia fundamental para los jefes de producción
020 _a84-7615-903-X
264 1 _aMadrid :
_bMcGraw-Hill
_c1992
300 _a129 p.
_c24 cm.
505 _a1. Introducción - 2. Gestión tradicional de la producción - 3. Visión global del Just-in-time - 4. Primaer Fase: cómo poner el sistema en marcha - 5. Segunda fase: educación, clave del éxito - 6. Tercera fase: mejorar los procesos - 7. Cuarta fase: mejoras en el control - 8. Quinta fase: relación proveedor/cliente - 9. Puesta en práctica del JIT: La vía segura - 10. Resumen y conclusión - Bibliografía y conclusión -
041 _aspa
942 _cBK
590 _aniveau_biblio:m niveau_hierar:0
100 1 _aO´Grady, P.J.
700 1 _aInstituto Internacional de Finanzas
856 4 1 _uhttps://biblioeco.unsa.edu.ar/pmb/images/libros/L85627_.jpg
_yImagen de portada
_qimage/jpeg
999 _c3203
_d3203